000 00259nam a2200109Ia 4500
008 230411s9999 xx 000 0 und d
041 _aeng
100 _aMali Ramling
245 _aHealth Economics for Nurses
260 _bSneha Publications
300 _a143p
999 _c155484
_d155484